| 000 | 00841nam a2200253 i 4500 | ||
|---|---|---|---|
| 001 | 85948 | ||
| 003 | ES-MaACL | ||
| 005 | 20260525062928.0 | ||
| 007 | t| | ||
| 008 | 041203s1966 sp |||| | spa d | ||
| 080 | _a821.112.2(494)-34"18" | ||
| 080 | _a83-34(082.2) | ||
| 245 | 0 | 0 |
_aSiete leyendas / _cGottfried Keller ; [traducción por Alfredo Cahn] _b. Leyendas y cuentos del folklore suizo / Anónimo ; [traducción por Esther Wyss]. |
| 246 | 1 | 0 | _aLeyendas y cuentos del folklore suizo |
| 260 |
_aMadrid : _bEspasa-Calpe, _c[1966] |
||
| 300 |
_a148 p. ; _c18 cm. |
||
| 490 | 1 |
_aColección austral ; _v1372 |
|
| 650 | 4 |
_aLeyendas- _zSuiza. _9161155 |
|
| 700 | 1 |
_aKeller, Gottfried. _967764 |
|
| 700 | 1 |
_aCahn, Alfredo. _933446 |
|
| 830 | 0 |
_aColección austral _v1372 _9177655 |
|
| 852 |
_aES-MaACL _jC-30571 |
||
| 999 |
_c85948 _d85948 |
||